Vista normal Vista MARC

Entrada Materia (personas)

Número de registros utilizados en: 2

001 - CONTROL NUMBER

  • control field: 29431

003 - CONTROL NUMBER IDENTIFIER

  • control field: Co-BoUCM

005 - DATE AND TIME OF LATEST TRANSACTION

  • control field: 20130220075659.0

008 - FIXED-LENGTH DATA ELEMENTS

  • fixed length control field: 130220|| aca||aabn | a|a d

040 ## - CATALOGING SOURCE

  • Original cataloging agency: Co-BoUCM
  • Transcribing agency: Co-BoUCM

100 ## - HEADING--PERSONAL NAME

  • Personal name: Calino, Césare
  • Dates associated with a name: 1670-1749

670 ## - SOURCE DATA FOUND

  • Source citation: Work cat.: (Co-BoUCM)68097: Calino, Césare 1670-1749, Considerazioni e discorsi famigliari, e morali a comodo de chi voglia ogni giorno fissare il pensiero in cualche verità eterna, e ad uso de' reverendi parrochi dall' altare e de direttori di Congregazioni e di Essercizi spirituali, 1738-1739